| 000 | 01022nam a2200217Ii 4500 | ||
|---|---|---|---|
| 003 | JO-AjNU | ||
| 008 | 230605s9999||||xx |||||||||||||| ||und|| | ||
| 017 | _a2010/15183 | ||
| 040 |
_aJO-AjNU _bara _erda _cJO-AjNU |
||
| 041 | _aara | ||
| 050 | 1 | 4 | _aJS171.2011 |
| 100 | 3 |
_aملتقى التكامل بين الأجهزة الحكومية والإدارات المحلية والبلديات, _eauthor _934441 |
|
| 245 | 0 | 0 | _aإدارة التغيير في الإدارات المحلية والبلديات : بحوث وأوراق عمل ملتقى التكامل بين الأجهزة الحكومية والإدارات المحلية والبلديات : خيارات وتوجيهات |
| 250 | _a(د،ط) | ||
| 264 | 3 | 1 | _aالقاهرة : المنظمة العربية للتنمية الإدارية ،2011 |
| 300 | _a259ص | ||
| 336 |
_atext _btxt _2rdacontent |
||
| 337 |
_aunmediated _bn _2rdamedia |
||
| 338 |
_avolume _bnc _2rdacarrier |
||
| 650 | 4 |
_aالإدارة المحلية -- مؤتمرات _934442 |
|
| 999 |
_aA14123 _c17691 _d17691 |
||